[Event "43. Torneo de La Roda 2016"]
[Site "La Roda ESP"]
[Date "2016.03.25"]
[Round "4.11"]
[White "Plazuelo Pascual, Juan"]
[Black "Matamoros Franco, Carlos S"]
[Result "1/2-1/2"]
[WhiteElo "2249"]
[BlackElo "2523"]
[PlyCount "51"]
[EventDate "2016.03.23"]
[EventType "swiss"]
[EventRounds "9"]
[EventCountry "ESP"]
[Source "lmi"]
[SourceDate "2016.03.23"]

1. d4 e6 2. Nf3 c5 3. e3 Nf6 4. Bd3 d5 5. b3 Nc6 6. O-O Bd6 7. Bb2 O-O 8. c4
cxd4 9. exd4 b6 10. Nbd2 Bb7 11. a3 Re8 12. Qe2 Bf8 13. Rac1 Rc8 14. Rfd1 g6
15. h3 Nh5 16. Qe3 Bg7 17. Bb1 dxc4 18. bxc4 Ne7 19. g4 Nf6 20. Ne5 b5 21. Qb3
a6 22. a4 Nc6 23. axb5 axb5 24. Qxb5 Qc7 25. Nxc6 Bxc6 26. Qg5 1/2-1/2

[Event "43. Torneo de La Roda 2016"]
[Site "La Roda ESP"]
[Date "2016.03.25"]
[Round "4.12"]
[White "Campora, Daniel H"]
[Black "Moreno Ibanez, Miguel"]
[Result "1/2-1/2"]
[WhiteElo "2449"]
[BlackElo "2286"]
[PlyCount "75"]
[EventDate "2016.03.23"]
[EventType "swiss"]
[EventRounds "9"]
[EventCountry "ESP"]
[Source "lmi"]
[SourceDate "2016.03.23"]

1. d4 Nf6 2. c4 g6 3. Nc3 Bg7 4. e4 d6 5. Be2 O-O 6. Bg5 Na6 7. Qd2 e5 8. Nf3
Qe8 9. d5 Nc5 10. Bxf6 Bxf6 11. O-O a5 12. Ne1 Bg7 13. Nd3 Nxd3 14. Bxd3 f5 15.
b3 f4 16. f3 h5 17. Nb5 Qe7 18. c5 dxc5 19. d6 cxd6 20. Bc4+ Kh7 21. Qxd6 Qxd6
22. Nxd6 Rd8 23. Rfd1 Bf8 24. Nb5 Bd7 25. Nc7 Rac8 26. Nd5 Bc6 27. a4 Bxd5 28.
Bxd5 b6 29. Kf1 Rd6 30. Ke2 Rcd8 31. Kd3 Be7 32. Kc4 Kg7 33. Rd2 Kf6 34. Rad1
g5 35. h3 Bf8 36. Rg1 Ke7 37. Rgd1 Kd7 38. Rd3 1/2-1/2

[Event "43. Torneo de La Roda 2016"]
[Site "La Roda ESP"]
[Date "2016.03.25"]
[Round "4.13"]
[White "Alvarez Pedraza, Aramis"]
[Black "Mingarro Carceller, Sergi"]
[Result "1-0"]
[WhiteElo "2440"]
[BlackElo "2295"]
[PlyCount "69"]
[EventDate "2016.03.23"]
[EventType "swiss"]
[EventRounds "9"]
[EventCountry "ESP"]
[Source "lmi"]
[SourceDate "2016.03.23"]

1. Nf3 e6 2. g3 f5 3. Bg2 Nf6 4. O-O d5 5. c4 Bd6 6. Nc3 O-O 7. d3 dxc4 8. dxc4
Nc6 9. Nb5 e5 10. Nxd6 cxd6 11. b3 Ne4 12. Qd5+ Kh8 13. Bb2 Qe7 14. Nh4 Nf6 15.
Qd2 Be6 16. Ba3 Rad8 17. Rad1 Ne8 18. Qc3 Qf6 19. f4 e4 20. Qxf6 Rxf6 21. g4
Ne7 22. gxf5 Nxf5 23. Nxf5 Bxf5 24. Rd4 Re6 25. Rfd1 b6 26. e3 Kg8 27. Rd5 g6
28. c5 bxc5 29. Rxc5 Nf6 30. Rc7 a6 31. Bb2 Rd7 32. Rxd7 Nxd7 33. Bf1 Nb6 34.
Bxa6 d5 35. Bb5 1-0

[Event "43. Torneo de La Roda 2016"]
[Site "La Roda ESP"]
[Date "2016.03.25"]
[Round "4.14"]
[White "Stella, Andrea"]
[Black "Santos, Antonio P"]
[Result "1-0"]
[WhiteElo "2419"]
[BlackElo "2267"]
[PlyCount "89"]
[EventDate "2016.03.23"]
[EventType "swiss"]
[EventRounds "9"]
[EventCountry "ESP"]
[Source "lmi"]
[SourceDate "2016.03.23"]

1. Nf3 d5 2. c4 c6 3. d4 e6 4. e3 Nf6 5. b3 Nbd7 6. Bb2 Bb4+ 7. Nbd2 O-O 8. Bd3
Ne4 9. a3 Ba5 10. b4 Nxd2 11. Qxd2 Bc7 12. e4 a5 13. O-O axb4 14. axb4 Rxa1 15.
Rxa1 dxc4 16. Bxc4 Qe7 17. b5 Nb6 18. Bd3 cxb5 19. Bxb5 Bd7 20. Ba3 Bd6 21.
Bxd6 Qxd6 22. Bxd7 Nxd7 23. Qb2 b6 24. Qb5 h6 25. Rc1 Qf4 26. Re1 Qc7 27. e5
Ra8 28. h3 Ra5 29. Qb3 Qc6 30. Rb1 Qa4 31. Qc3 Ra7 32. Qc8+ Kh7 33. Rc1 Ra8 34.
Qc7 Ra7 35. Qd8 Ra8 36. Qe7 Kg8 37. Rc7 Ra7 38. Rc8+ Kh7 39. Qxf7 Nf6 40. Qxe6
Qd7 41. Qxd7 Nxd7 42. d5 Kg6 43. g4 Ra1+ 44. Kg2 Rd1 45. Rc6+ 1-0

[Event "43. Torneo de La Roda 2016"]
[Site "La Roda ESP"]
[Date "2016.03.25"]
[Round "4.15"]
[White "Ramiro Ovejero, Juan Luis"]
[Black "Garcia Martin, Marta"]
[Result "1/2-1/2"]
[WhiteElo "2377"]
[BlackElo "2260"]
[PlyCount "39"]
[EventDate "2016.03.23"]
[EventType "swiss"]
[EventRounds "9"]
[EventCountry "ESP"]
[Source "lmi"]
[SourceDate "2016.03.23"]

1. e4 c5 2. Nf3 e6 3. g3 Nc6 4. Bg2 Nf6 5. Qe2 e5 6. O-O Be7 7. c3 O-O 8. Rd1
d5 9. exd5 Qxd5 10. d3 Rd8 11. Ng5 Qd6 12. Na3 Bg4 13. Bf3 Bxf3 14. Qxf3 Qd5
15. Be3 Qxf3 16. Nxf3 Rd5 17. Kf1 Rad8 18. Ke2 Ne8 19. Nc4 b6 20. a4 1/2-1/2

[Event "43. Torneo de La Roda 2016"]
[Site "La Roda ESP"]
[Date "2016.03.25"]
[Round "4.16"]
[White "Sos Andreu, Eric"]
[Black "Esplugas Esteve, Vicenc"]
[Result "1/2-1/2"]
[WhiteElo "2370"]
[BlackElo "2256"]
[PlyCount "56"]
[EventDate "2016.03.23"]
[EventType "swiss"]
[EventRounds "9"]
[EventCountry "ESP"]
[Source "lmi"]
[SourceDate "2016.03.23"]

1. d4 Nf6 2. c4 g6 3. Nc3 Bg7 4. e4 d6 5. Nf3 O-O 6. Be2 e5 7. Be3 Ng4 8. Bg5
f6 9. Bh4 g5 10. Bg3 Nh6 11. c5 g4 12. Nh4 Nc6 13. cxd6 cxd6 14. dxe5 dxe5 15.
O-O Nd4 16. Bc4+ Kh8 17. Ne2 f5 18. Nxd4 exd4 19. Nxf5 Nxf5 20. exf5 Bxf5 21.
Bd3 Qd5 22. Bxf5 Qxf5 23. Qb3 b6 24. Rad1 Rac8 25. f3 Qc2 26. Qxc2 Rxc2 27. Rf2
Rxf2 28. Bxf2 gxf3 1/2-1/2

[Event "43. Torneo de La Roda 2016"]
[Site "La Roda ESP"]
[Date "2016.03.25"]
[Round "4.17"]
[White "Martin Duque, Jesus"]
[Black "Fernandez Lledo, Javier"]
[Result "0-1"]
[WhiteElo "2340"]
[BlackElo "2250"]
[PlyCount "100"]
[EventDate "2016.03.23"]
[EventType "swiss"]
[EventRounds "9"]
[EventCountry "ESP"]
[Source "lmi"]
[SourceDate "2016.03.23"]

1. e4 c5 2. Nf3 e6 3. c3 d5 4. e5 d4 5. Bd3 Nc6 6. O-O Nge7 7. Re1 Ng6 8. Na3
Be7 9. b3 O-O 10. Bb2 f5 11. cxd4 cxd4 12. Nb5 a6 13. Nbxd4 Nxd4 14. Bxd4 Nh4
15. Nxh4 Qxd4 16. Nxf5 exf5 17. Bc4+ Kh8 18. Qf3 g5 19. Rac1 g4 20. Qe3 Qxe3
21. fxe3 Rd8 22. d4 Kg7 23. Bd3 Be6 24. Rc7 Rd7 25. Rxd7 Bxd7 26. d5 Rd8 27.
Bb1 Bc5 28. e6 Be8 29. Bxf5 Rxd5 30. Bxg4 Bc6 31. Kf2 Rd2+ 32. Re2 Rxe2+ 33.
Bxe2 Kf6 34. Bg4 Bd5 35. g3 Bxe6 36. Bf3 b6 37. Ke2 Ke5 38. Bb7 a5 39. Ba6 h6
40. Bd3 Bf5 41. Bc4 Be4 42. Kd2 Kf5 43. Be2 Bb4+ 44. Kd1 Bb1 45. a4 Ke4 46. Bh5
Kxe3 47. h4 Be7 48. Ke1 Bc2 49. Bf7 Kd3 50. Bg6+ Kc3 0-1

[Event "43. Torneo de La Roda 2016"]
[Site "La Roda ESP"]
[Date "2016.03.25"]
[Round "4.18"]
[White "Lopez Mulet, Inigo"]
[Black "Laiz Ibanez, Hector"]
[Result "1-0"]
[WhiteElo "2336"]
[BlackElo "2241"]
[PlyCount "67"]
[EventDate "2016.03.23"]
[EventType "swiss"]
[EventRounds "9"]
[EventCountry "ESP"]
[Source "lmi"]
[SourceDate "2016.03.23"]

1. d4 Nf6 2. c4 e6 3. g3 d5 4. Bg2 dxc4 5. Qa4+ Nbd7 6. Qxc4 c5 7. dxc5 Bxc5 8.
Nf3 O-O 9. O-O a6 10. b4 Be7 11. Rd1 b5 12. Qb3 Bb7 13. Nc3 Rc8 14. Bb2 Qb6 15.
Rac1 Rfd8 16. h3 Nh5 17. Kf1 Bd6 18. e3 Rc4 19. a3 Bxg3 20. Na4 Qc7 21. Rxc4
bxc4 22. Qc2 Bc6 23. fxg3 Qxg3 24. Nd4 Bxa4 25. Qxa4 Qxe3 26. Ne2 Nf4 27. Nxf4
Qxf4+ 28. Kg1 Qc7 29. Qc6 Qa7+ 30. Kh1 h6 31. Qxc4 Kh7 32. Qe4+ g6 33. Qf4 f5
34. Qd6 1-0

[Event "43. Torneo de La Roda 2016"]
[Site "La Roda ESP"]
[Date "2016.03.25"]
[Round "4.19"]
[White "Garcia Trobat, Francisco"]
[Black "Jimenez Martinez, Jose Vicente"]
[Result "1/2-1/2"]
[WhiteElo "2232"]
[BlackElo "2335"]
[PlyCount "121"]
[EventDate "2016.03.23"]
[EventType "swiss"]
[EventRounds "9"]
[EventCountry "ESP"]
[Source "lmi"]
[SourceDate "2016.03.23"]

1. e4 d6 2. d4 g6 3. Nc3 Bg7 4. Bg5 c5 5. d5 Na6 6. Nf3 Nc7 7. Qd2 Nf6 8. a4 b6
9. Bb5+ Bd7 10. Bxd7+ Qxd7 11. O-O O-O 12. Rfe1 Ng4 13. Bf4 f6 14. h3 Ne5 15.
Nxe5 fxe5 16. Be3 a6 17. Reb1 b5 18. axb5 axb5 19. Rxa8 Rxa8 20. b4 c4 21. Qe2
Ra3 22. Bc1 Ra6 23. Qg4 Qxg4 24. hxg4 h6 25. Kf1 Kf7 26. Ke2 e6 27. dxe6+ Kxe6
28. Be3 Kd7 29. g5 hxg5 30. Rh1 Kc6 31. Rh7 Ne6 32. Nd5 Ra8 33. c3 Rh8 34. Rxh8
Bxh8 35. Kf3 Bg7 36. Kg4 Bh6 37. g3 Bg7 38. Bxg5 Kd7 39. Be3 Ke8 40. Kf3 Kd7
41. Ke2 Nc7 42. Nb6+ Ke6 43. Bg5 Bf6 44. Bxf6 Kxf6 45. f4 exf4 46. gxf4 Ne6 47.
Ke3 Nc7 48. Kf3 Ke6 49. Ke3 Kf6 50. Nd7+ Ke7 51. Nb8 Kf6 52. Nc6 g5 53. fxg5+
Kxg5 54. Nd4 Kf6 55. Kf3 Ke5 56. Nc6+ Kf6 57. e5+ dxe5 58. Ke4 Ke6 59. Nxe5 Nd5
60. Kd4 Nxc3 61. Nxc4 1/2-1/2

[Event "43. Torneo de La Roda 2016"]
[Site "La Roda ESP"]
[Date "2016.03.25"]
[Round "4.21"]
[White "Alshameary Puente, Ismael"]
[Black "Montalban Galvez, Antoni"]
[Result "1-0"]
[WhiteElo "2335"]
[BlackElo "2209"]
[PlyCount "61"]
[EventDate "2016.03.23"]
[EventType "swiss"]
[EventRounds "9"]
[EventCountry "ESP"]
[Source "lmi"]
[SourceDate "2016.03.23"]

1. d4 Nf6 2. c4 g6 3. Nf3 Bg7 4. g3 O-O 5. Bg2 d6 6. O-O Nbd7 7. Qc2 e5 8. Rd1
Qe7 9. Nc3 c6 10. e4 Re8 11. d5 a5 12. dxc6 bxc6 13. b3 Rd8 14. Ba3 Nf8 15. Qd3
Ne8 16. c5 Ne6 17. cxd6 Qa7 18. Rac1 Nd4 19. Nxd4 exd4 20. Na4 Ba6 21. Qd2 Bb5
22. Bc5 Qa6 23. Qf4 Nxd6 24. Bxd4 Be2 25. Bxg7 Bxd1 26. Bf6 Ne8 27. Bxd8 Rxd8
28. Bf1 Qc8 29. h3 Ng7 30. Nc3 Ne6 31. Qe3 1-0

[Event "43. Torneo de La Roda 2016"]
[Site "La Roda ESP"]
[Date "2016.03.25"]
[Round "5.1"]
[White "Forcen Esteban, Daniel"]
[Black "Granda Zuniga, Julio E"]
[Result "1/2-1/2"]
[WhiteElo "2549"]
[BlackElo "2688"]
[PlyCount "75"]
[EventDate "2016.03.23"]
[EventType "swiss"]
[EventRounds "9"]
[EventCountry "ESP"]
[Source "lmi"]
[SourceDate "2016.03.23"]

1. d4 Nf6 2. Nf3 b6 3. e3 Bb7 4. Bd3 e6 5. O-O d5 6. b3 Bd6 7. Bb2 O-O 8. Nbd2
c5 9. Ne5 Nc6 10. a3 Ne7 11. f4 Ne4 12. Bxe4 dxe4 13. Ndc4 Bxe5 14. fxe5 cxd4
15. Nd6 Ba6 16. Rf4 d3 17. Rxe4 dxc2 18. Qxc2 Nf5 19. Ra4 Bc8 20. Qd2 Qg5 21.
Rf4 Rd8 22. Qe2 Nxd6 23. exd6 e5 24. h4 Qg6 25. Bxe5 Qe6 26. Qb2 f6 27. Bxf6
gxf6 28. Rxf6 Qxe3+ 29. Kh2 Bb7 30. Raf1 Rd7 31. b4 Qe8 32. Qb3+ Kh8 33. Qc3
Kg8 34. Qc4+ Kh8 35. Qd4 Kg8 36. Qc4+ Kh8 37. Qd4 Kg8 38. Qc4+ 1/2-1/2

[Event "43. Torneo de La Roda 2016"]
[Site "La Roda ESP"]
[Date "2016.03.25"]
[Round "5.2"]
[White "Greenfeld, Alon"]
[Black "Perez Candelario, Manuel"]
[Result "1/2-1/2"]
[WhiteElo "2537"]
[BlackElo "2562"]
[PlyCount "60"]
[EventDate "2016.03.23"]
[EventType "swiss"]
[EventRounds "9"]
[EventCountry "ESP"]
[Source "lmi"]
[SourceDate "2016.03.23"]

1. d4 d6 2. Nf3 g6 3. g3 Bg7 4. Bg2 Nd7 5. O-O e5 6. c4 Ne7 7. Nc3 O-O 8. e3
exd4 9. exd4 Nf6 10. h3 c6 11. Re1 h6 12. b3 Re8 13. a4 Be6 14. a5 a6 15. Bd2
d5 16. Na4 Nd7 17. Ne5 dxc4 18. bxc4 Nxe5 19. dxe5 Qc7 20. Nc5 Nf5 21. Rb1 Rab8
22. Qa4 Bxe5 23. Nxb7 Nd4 24. Nc5 Rxb1 25. Rxb1 Bf5 26. Re1 Qd8 27. Bc3 Ne2+
28. Rxe2 Bxc3 29. Ne4 Bxe4 30. Rxe4 Rxe4 1/2-1/2

[Event "43. Torneo de La Roda 2016"]
[Site "La Roda ESP"]
[Date "2016.03.25"]
[Round "5.3"]
[White "Ibarra Jerez, Jose Carlos"]
[Black "Sedlak, Nikola"]
[Result "1/2-1/2"]
[WhiteElo "2561"]
[BlackElo "2547"]
[PlyCount "25"]
[EventDate "2016.03.23"]
[EventType "swiss"]
[EventRounds "9"]
[EventCountry "ESP"]
[Source "lmi"]
[SourceDate "2016.03.23"]

1. e4 e6 2. d4 d5 3. Nd2 c5 4. Ngf3 cxd4 5. Nxd4 Nc6 6. Bb5 Bd7 7. Nxc6 bxc6 8.
Bd3 Bd6 9. Qe2 Ne7 10. e5 Bc7 11. Nf3 Ng6 12. O-O O-O 13. b3 1/2-1/2

[Event "43. Torneo de La Roda 2016"]
[Site "La Roda ESP"]
[Date "2016.03.25"]
[Round "5.4"]
[White "Baklan, Vladimir"]
[Black "Santiago, Yago De Moura"]
[Result "1-0"]
[WhiteElo "2617"]
[BlackElo "2409"]
[PlyCount "93"]
[EventDate "2016.03.23"]
[EventType "swiss"]
[EventRounds "9"]
[EventCountry "ESP"]
[Source "lmi"]
[SourceDate "2016.03.23"]

1. e4 e6 2. d4 d5 3. Nd2 Nc6 4. Ngf3 Nf6 5. e5 Nd7 6. Bd3 Nb4 7. Be2 c5 8. c3
Nc6 9. O-O a5 10. a4 cxd4 11. cxd4 Be7 12. Re1 O-O 13. Bb5 Qb6 14. Nb3 f6 15.
Be3 Bb4 16. Re2 Qd8 17. exf6 Nxf6 18. Bg5 Qb6 19. Rc1 Bd7 20. Nc5 Bxc5 21. dxc5
Qc7 22. Bh4 Ne4 23. Bg3 Qd8 24. Bd3 Nb4 25. Bxe4 dxe4 26. Rxe4 Bc6 27. Rd4 Qe8
28. b3 Bxf3 29. gxf3 Nd5 30. Qe2 Rf6 31. Be5 Rg6+ 32. Rg4 Rxg4+ 33. fxg4 Qg6
34. f3 Rf8 35. Re1 h5 36. h3 Kh8 37. Bd6 Rf6 38. Kg2 Qf7 39. g5 Rg6 40. h4 Nf4+
41. Bxf4 Qxf4 42. Qe4 Qd2+ 43. Re2 Qd1 44. Qc2 Qxc2 45. Rxc2 e5 46. Rd2 b6 47.
Rd6 1-0

[Event "43. Torneo de La Roda 2016"]
[Site "La Roda ESP"]
[Date "2016.03.25"]
[Round "5.5"]
[White "Lopez Mulet, Inigo"]
[Black "Grigoryan, Karen H"]
[Result "1/2-1/2"]
[WhiteElo "2336"]
[BlackElo "2612"]
[PlyCount "20"]
[EventDate "2016.03.23"]
[EventType "swiss"]
[EventRounds "9"]
[EventCountry "ESP"]
[Source "lmi"]
[SourceDate "2016.03.23"]

1. d4 Nf6 2. c4 g6 3. f3 e5 4. dxe5 Nh5 5. Nh3 Qh4+ 6. Nf2 Qxc4 7. e4 Bb4+ 8.
Bd2 Qd4 9. Nc3 Nc6 10. Nd3 Ba5 1/2-1/2

[Event "43. Torneo de La Roda 2016"]
[Site "La Roda ESP"]
[Date "2016.03.25"]
[Round "5.6"]
[White "Alshameary Puente, Ismael"]
[Black "Alvarez Pedraza, Aramis"]
[Result "0-1"]
[WhiteElo "2335"]
[BlackElo "2440"]
[PlyCount "60"]
[EventDate "2016.03.23"]
[EventType "swiss"]
[EventRounds "9"]
[EventCountry "ESP"]
[Source "lmi"]
[SourceDate "2016.03.23"]

1. d4 Nf6 2. c4 e6 3. Nc3 Bb4 4. e3 c5 5. Nge2 b6 6. a3 Ba5 7. Rb1 Na6 8. Bd2
O-O 9. d5 d6 10. Nf4 e5 11. Nd3 Bxc3 12. Bxc3 Ne4 13. Qc2 f5 14. f4 exf4 15.
exf4 Qh4+ 16. Kd1 b5 17. b3 b4 18. Be1 Qg4+ 19. Kc1 bxa3 20. Ra1 Nb4 21. Nxb4
Qxf4+ 22. Kb1 cxb4 23. Bxb4 Rb8 24. Ba5 Nf2 25. Rg1 Qe3 26. Ka2 Ne4 27. Be2 Nc5
28. b4 f4 29. Rac1 Bf5 30. Qd1 Nb7 0-1

[Event "43. Torneo de La Roda 2016"]
[Site "La Roda ESP"]
[Date "2016.03.25"]
[Round "5.7"]
[White "Fernandez Lledo, Javier"]
[Black "Stella, Andrea"]
[Result "1/2-1/2"]
[WhiteElo "2250"]
[BlackElo "2419"]
[PlyCount "64"]
[EventDate "2016.03.23"]
[EventType "swiss"]
[EventRounds "9"]
[EventCountry "ESP"]
[Source "lmi"]
[SourceDate "2016.03.23"]

1. e4 c5 2. Nf3 e6 3. d4 cxd4 4. Nxd4 Nc6 5. Nc3 Qc7 6. Be3 a6 7. Bd3 Nf6 8.
O-O Nxd4 9. Bxd4 Bc5 10. Bxc5 Qxc5 11. Kh1 b5 12. a3 Bb7 13. f4 d6 14. Qe1 O-O
15. Qh4 h6 16. Rae1 d5 17. e5 Ne4 18. Rf3 f5 19. exf6 Rxf6 20. Bxe4 dxe4 21.
Nxe4 Bxe4 22. Rxe4 Qxc2 23. Rfe3 Raf8 24. h3 Qxb2 25. Kh2 a5 26. Qg4 Qc1 27.
Rg3 R8f7 28. Rxe6 Rxe6 29. Qxe6 Qxf4 30. Qe8+ Kh7 31. Qxb5 Rf5 32. Qd3 h5
1/2-1/2

[Event "43. Torneo de La Roda 2016"]
[Site "La Roda ESP"]
[Date "2016.03.25"]
[Round "5.8"]
[White "Collazo Hidalgo-Gato, Niala"]
[Black "Quintin Navarro, Alberto"]
[Result "1-0"]
[WhiteElo "2231"]
[BlackElo "2355"]
[PlyCount "47"]
[EventDate "2016.03.23"]
[EventType "swiss"]
[EventRounds "9"]
[EventCountry "ESP"]
[Source "lmi"]
[SourceDate "2016.03.23"]

1. e4 e6 2. d3 d5 3. Nd2 Nf6 4. g3 Be7 5. Bg2 O-O 6. Ngf3 a5 7. O-O a4 8. a3 c5
9. Re1 Nc6 10. e5 Nd7 11. Nf1 b5 12. h4 Re8 13. Bf4 b4 14. Ne3 bxa3 15. bxa3
Rb8 16. c4 d4 17. Ng4 Na5 18. Ng5 Nf8 19. Nf6+ Bxf6 20. exf6 Rb6 21. fxg7 Kxg7
22. Qh5 Qe7 23. Be5+ Kg8 24. Ne4 1-0

[Event "43. Torneo de La Roda 2016"]
[Site "La Roda ESP"]
[Date "2016.03.25"]
[Round "5.9"]
[White "Bachmann, Axel"]
[Black "Gonzalez Trigal, Jose Luis"]
[Result "1-0"]
[WhiteElo "2609"]
[BlackElo "2328"]
[PlyCount "47"]
[EventDate "2016.03.23"]
[EventType "swiss"]
[EventRounds "9"]
[EventCountry "ESP"]
[Source "lmi"]
[SourceDate "2016.03.23"]

1. Nf3 Nf6 2. c4 g6 3. Nc3 d5 4. cxd5 Nxd5 5. h4 Bg7 6. h5 Nc6 7. h6 Bf8 8. d4
e6 9. e4 Nb6 10. Bf4 Bd6 11. Qd2 Bxf4 12. Qxf4 Qe7 13. O-O-O O-O 14. d5 Na5 15.
Qe5 f6 16. d6 fxe5 17. dxe7 Re8 18. Nxe5 Nc6 19. Bb5 a6 20. Bxc6 bxc6 21. Rd8
Bb7 22. Rhd1 Nd5 23. exd5 cxd5 24. Ne4 1-0

[Event "43. Torneo de La Roda 2016"]
[Site "La Roda ESP"]
[Date "2016.03.25"]
[Round "5.10"]
[White "Lopez Martinez, Josep Manuel"]
[Black "Moreno Ibanez, Miguel"]
[Result "1-0"]
[WhiteElo "2549"]
[BlackElo "2286"]
[PlyCount "121"]
[EventDate "2016.03.23"]
[EventType "swiss"]
[EventRounds "9"]
[EventCountry "ESP"]
[Source "lmi"]
[SourceDate "2016.03.23"]

1. e4 c5 2. Nf3 d6 3. d4 cxd4 4. Nxd4 Nf6 5. Nc3 g6 6. Be3 Bg7 7. f3 a6 8. Qd2
Nbd7 9. Bc4 b5 10. Bb3 Bb7 11. Bh6 Bxh6 12. Qxh6 Rc8 13. O-O-O Rxc3 14. bxc3
Qc7 15. Kb2 Nb6 16. Qg7 Rf8 17. Rhe1 Na4+ 18. Bxa4 bxa4 19. Qh6 e5 20. Ne2 Ke7
21. Ka1 Bc8 22. Qc1 Qc5 23. Qb2 Be6 24. Qb4 Qc6 25. Rd2 a5 26. Qa3 Rb8 27. Red1
Ne8 28. Nc1 Kf6 29. Nd3 Nc7 30. c4 Qxc4 31. Nb2 Qb4 32. Qxb4 axb4 33. Rxd6 a3
34. Nc4 Nb5 35. Rb6 Rxb6 36. Nxb6 Nc3 37. Rd8 Ke7 38. Rb8 Kd6 39. Na8 Kc5 40.
Nc7 Bc4 41. Ne8 Bf1 42. Rc8+ Kd4 43. Nd6 f6 44. Rf8 Bxg2 45. Rxf6 Bf1 46. Nf7
Bc4 47. Rd6+ Kc5 48. Rd7 Be6 49. Re7 Bxa2 50. Nxe5 Kd6 51. Re8 Bb1 52. Nc4+ Kd7
53. Rb8 Bxc2 54. Rxb4 Bd1 55. Nd2 Kd6 56. f4 Ne2 57. e5+ Ke6 58. Nf3 Kf5 59.
Rb1 Nc3 60. Nd4+ Ke4 61. Rxd1 1-0

[Event "43. Torneo de La Roda 2016"]
[Site "La Roda ESP"]
[Date "2016.03.25"]
[Round "5.11"]
[White "Garcia Martin, Marta"]
[Black "Popovic, Dusan"]
[Result "0-1"]
[WhiteElo "2260"]
[BlackElo "2536"]
[PlyCount "88"]
[EventDate "2016.03.23"]
[EventType "swiss"]
[EventRounds "9"]
[EventCountry "ESP"]
[Source "lmi"]
[SourceDate "2016.03.23"]

1. e4 c5 2. Nf3 d6 3. Bb5+ Bd7 4. Bxd7+ Qxd7 5. c4 Nf6 6. Nc3 g6 7. d4 cxd4 8.
Nxd4 Bg7 9. f3 O-O 10. Be3 Nc6 11. O-O a6 12. a4 e6 13. Rb1 Ne5 14. b3 d5 15.
exd5 exd5 16. c5 Rfe8 17. Bg5 h6 18. Bxf6 Bxf6 19. Nde2 Rad8 20. Nf4 Qc6 21.
Nfxd5 Qxc5+ 22. Kh1 Bg7 23. Re1 Re6 24. b4 Qf8 25. Qb3 Kh7 26. Red1 Nc6 27. Qc4
f5 28. b5 Ne5 29. Qb3 Red6 30. h3 Qf7 31. bxa6 bxa6 32. f4 Nc6 33. Ne3 Qxb3 34.
Rxb3 Rd3 35. Rxd3 Rxd3 36. Ned5 Na5 37. Ra3 h5 38. Kg1 h4 39. Kf2 Kh6 40. Ke2
Rg3 41. Nb5 Rxg2+ 42. Kf1 Rd2 43. Nbc7 Nc4 44. Rb3 Rxd5 0-1

[Event "43. Torneo de La Roda 2016"]
[Site "La Roda ESP"]
[Date "2016.03.25"]
[Round "5.12"]
[White "Matamoros Franco, Carlos S"]
[Black "Silva Rodriguez, Julio"]
[Result "1/2-1/2"]
[WhiteElo "2523"]
[BlackElo "2281"]
[PlyCount "50"]
[EventDate "2016.03.23"]
[EventType "swiss"]
[EventRounds "9"]
[EventCountry "ESP"]
[Source "lmi"]
[SourceDate "2016.03.23"]

1. Nf3 Nf6 2. c4 e6 3. g3 d5 4. Bg2 d4 5. O-O c5 6. b4 cxb4 7. a3 Nc6 8. Bb2 a5
9. e3 dxe3 10. fxe3 Ra6 11. d4 Be7 12. axb4 axb4 13. Nbd2 O-O 14. Qe2 Rxa1 15.
Rxa1 Ng4 16. h3 Nh6 17. e4 b6 18. Kh2 Na5 19. Qe3 Qc7 20. Rc1 Ba6 21. Bf1 f6
22. Qe1 Qd7 23. Qe3 Qc7 24. Qe1 Qd7 25. Qe3 Qc7 1/2-1/2

[Event "43. Torneo de La Roda 2016"]
[Site "La Roda ESP"]
[Date "2016.03.25"]
[Round "5.13"]
[White "Esplugas Esteve, Vicenc"]
[Black "Cifuentes Parada, Roberto"]
[Result "0-1"]
[WhiteElo "2256"]
[BlackElo "2469"]
[PlyCount "58"]
[EventDate "2016.03.23"]
[EventType "swiss"]
[EventRounds "9"]
[EventCountry "ESP"]
[Source "lmi"]
[SourceDate "2016.03.23"]

1. d4 d5 2. c4 c6 3. Nc3 Nf6 4. e3 e6 5. Nf3 Nbd7 6. Bd3 dxc4 7. Bxc4 b5 8. Bb3
Bd6 9. e4 e5 10. O-O O-O 11. Bg5 h6 12. Bh4 Re8 13. Bc2 Bb7 14. Re1 a6 15. a3
exd4 16. Nxd4 Qc7 17. Bg3 Bxg3 18. hxg3 Rad8 19. Qe2 c5 20. Nf5 b4 21. Na4 Bxe4
22. Bxe4 Rxe4 23. Qxa6 Qe5 24. Rxe4 Nxe4 25. Ne3 Ndf6 26. axb4 Nxf2 27. Qb6
Qxe3 28. Qxd8+ Kh7 29. Qc8 N2g4+ 0-1

[Event "43. Torneo de La Roda 2016"]
[Site "La Roda ESP"]
[Date "2016.03.25"]
[Round "5.14"]
[White "Figuero Toro, Julian Francisco"]
[Black "Campora, Daniel H"]
[Result "0-1"]
[WhiteElo "2230"]
[BlackElo "2449"]
[PlyCount "52"]
[EventDate "2016.03.23"]
[EventType "swiss"]
[EventRounds "9"]
[EventCountry "ESP"]
[Source "lmi"]
[SourceDate "2016.03.23"]

1. c4 e5 2. g3 f5 3. d4 e4 4. Nc3 Nf6 5. Bg5 d6 6. Nh3 c6 7. Nf4 Be7 8. Bg2 O-O
9. O-O Ng4 10. Bxe7 Qxe7 11. Qc1 g5 12. Nh3 h6 13. f3 exf3 14. exf3 Qe3+ 15.
Nf2 Qxc1 16. Rfxc1 Ne3 17. b3 Nd7 18. Nd3 Nf6 19. Kf2 Nxg2 20. Kxg2 Be6 21. Re1
Rae8 22. Re2 Bf7 23. Rae1 Rxe2+ 24. Rxe2 Re8 25. Rxe8+ Nxe8 26. f4 Kg7 0-1

[Event "43. Torneo de La Roda 2016"]
[Site "La Roda ESP"]
[Date "2016.03.25"]
[Round "5.15"]
[White "Perez Mitjans, Orelvis"]
[Black "Orantes Taboada, Francisco"]
[Result "1-0"]
[WhiteElo "2442"]
[BlackElo "2277"]
[PlyCount "59"]
[EventDate "2016.03.23"]
[EventType "swiss"]
[EventRounds "9"]
[EventCountry "ESP"]
[Source "lmi"]
[SourceDate "2016.03.23"]

1. e4 e6 2. d4 d5 3. Nd2 c5 4. exd5 Qxd5 5. Ngf3 Nc6 6. Bc4 Qd7 7. O-O Nf6 8.
Qe2 cxd4 9. Nb3 Bd6 10. Rd1 O-O 11. Nbxd4 a6 12. Bg5 Nd5 13. Nxc6 bxc6 14. Bb3
Qc7 15. c4 Ne7 16. Bc2 Ng6 17. h4 Bc5 18. h5 Ne7 19. h6 g6 20. Bf6 Bb7 21. Qd2
Qb6 22. Qc3 Bxf2+ 23. Kf1 Bg3 24. Rd2 Bf4 25. Bxe7 Bxh6 26. Bxf8 Rxf8 27. Rd7
Bc8 28. c5 Qb5+ 29. Bd3 Qa4 30. Rd4 1-0

[Event "43. Torneo de La Roda 2016"]
[Site "La Roda ESP"]
[Date "2016.03.25"]
[Round "5.16"]
[White "Plaskett, H James"]
[Black "Ribera Cebolla, Marc"]
[Result "1-0"]
[WhiteElo "2438"]
[BlackElo "2262"]
[PlyCount "39"]
[EventDate "2016.03.23"]
[EventType "swiss"]
[EventRounds "9"]
[EventCountry "ESP"]
[Source "lmi"]
[SourceDate "2016.03.23"]

1. e4 c5 2. Nf3 e6 3. Nc3 a6 4. d4 cxd4 5. Nxd4 Qc7 6. Bd3 Nf6 7. Qe2 d6 8. Bg5
Nbd7 9. f4 b5 10. O-O-O Bb7 11. Rhe1 Nc5 12. Bxf6 gxf6 13. Nd5 Qd8 14. Bxb5+
axb5 15. Qxb5+ Nd7 16. Qxb7 exd5 17. exd5+ Ne5 18. fxe5 fxe5 19. Ne6 fxe6 20.
dxe6 1-0